000 01017cam a2200289 a 4500
999 _c97741
_d97741
001 12585939
003 ARRUPE
005 20170529121812.0
008 011109s2001 sa b 000 0 eng
010 _a 2001427614
020 _a1875053239
035 _a(OCoLC)ocm48415116
040 _aNX@
_cNX@
_dCUY
_dDLC
042 _alccopycat
043 _af-sa---
050 0 0 _aBJ981.S6
_bS58 2001
082 0 4 _a170.968
_221
100 1 _aShutte, Augustine,
_d1938-
_931447
245 1 0 _aUbuntu :
_ban ethic for a new South Africa /
_cAugustine Shutte.
260 _aPietermaritzburg :
_bCluster Publications,
_c2001.
300 _aix, 228 p. ;
_c21 cm.
504 _aIncludes bibliographical references (p. 227-228).
650 0 _aEthics
_zSouth Africa.
_931448
650 0 _aValues
_zSouth Africa.
_931449
651 0 _aSouth Africa
_xSocial conditions
_y1994-
_931450
906 _a7
_bcbc
_ccopycat
_d3
_encip
_f20
_gy-gencatlg
942 _2lcc
_cMONOGRAPH